000 00668nam a2200289Ia 4500
005 20260401125857.0
008 008 300114s9999 xx 000 0 eng d
020 _a9789353948726
037 _aEBOOK
040 _aCRL
040 _beng
040 _cCRL
041 _2eng
041 _aeng
084 _qCRL
100 _aRazavi
245 0 _aRF Microelectronics
250 _a2
260 _bPearson
260 _c2013
365 _b75845
650 _aFOT (Electrical & electronics)
856 _uhttps://admin.elibrary.in.pearson.com/api/1.0/org/24122025/launchlibrary
942 _cEBOOK
999 _c1847790
_d1847790